Online
Catalog
Normal view MARC view

Entry Nombre personal

Number of records used in: 19

001 - NÚMERO DE CONTROL

  • campo de control: 9356

003 - IDENTIFICADOR DEL NÚMERO DE CONTROL

  • campo de control: BNPHU

005 - FECHA Y HORA DE LA ÚLTIMA TRANSACCIÓN

  • campo de control: 20250210113909.0

008 - DATOS DE LONGITUD FIJA

  • campo de control de longitud fija: 200615|| aca||aabn | a|a d

040 ## - FUENTE DE LA CATALOGACIÓN

  • Centro catalogador/agencia de origen: DO-SdBNP
  • Lengua de catalogación: spa
  • Centro/agencia transcriptor: BNPHU
  • Normas de descripción: rda

100 1# - ENCABEZAMIENTO-NOMBRE DE PERSONA

  • Nombre de persona: Arias, Luis,
  • Forma completa/desarrollada del nombre: (Arias Núñez)

370 ## - LUGAR ASOCIADO

  • Lugar de nacimiento: Santiago de los Caballeros (República Dominicana)

372 ## - CAMPO DE ACTIVIDAD

  • Campo de actividad: Decano de la Facultad de Ciencias Jurídicas y Políticas de la UASD,
  • Campo de actividad: Director del Departamento de Ciencias Políticas
  • Campo de actividad: Director de la Revista Derecho y Política y Director de la Revista de Ciencias Jurídicas de la PUCMM

374 ## - OCUPACIÓN

  • Ocupación: Abogado
  • Ocupación: Notario público
  • Ocupación: Profesor de la Universidad Autónoma de Santo Domingo (UASD), de la Pontifícia Universidad Católica Madre y Maestra y de la Facultad Latinoamericana de Ciencias Sociales (FLACSO)

375 ## - GÉNERO/SEXO

  • Género/Sexo: Masculino

377 ## - LENGUA/LENGUAJE ASOCIADO

  • Código del idioma: Español
  • Término de lengua/lenguaje: es

400 1# - TRAZADO DE VÉASE--NOMBRE DE PERSONA

  • Nombre de persona: Arias Núñez, Luis

400 1# - TRAZADO DE VÉASE--NOMBRE DE PERSONA

  • Nombre de persona: Núñez, Luis Arias

670 ## - FUENTE DE DATOS ENCONTRADOS

  • Cita de la fuente: Work cat.: (OSt)2775: Espinal Benzant, Lludelis, 1967- 9349, Los espacios marítimos dominicanos :, 1998.

670 ## - FUENTE DE DATOS ENCONTRADOS

  • Cita de la fuente: Fundamentos de derecho internacional público, c1980:
  • Información encontrada: portada (Luis Arias) p. 4 cubierta (n. Santiago de los Caballeros, R.D.; doctor, ciencias jurídicas, U. Varsovia; director, Dept. Ciencias Políticas, UASD)

Powered by Koha